| 000 | 00992nam a2200289 i 4500 | ||
|---|---|---|---|
| 001 | 5656 | ||
| 003 | ES-MaACL | ||
| 005 | 20250827062538.0 | ||
| 007 | t| | ||
| 008 | 890413s1987 sp |||| | spa d | ||
| 020 | _a84-7476-106-9 | ||
| 080 | _a329.14(467.1) CDC | ||
| 080 | _a32(467.1)"1950/1985" | ||
| 100 | 1 |
_aMarcet, Joan. _976384 |
|
| 245 | 1 | 0 |
_aConvergencia Democrática de Cataluña _b: el partido y el movimiento político / _cJoan Marcet. |
| 250 | _a1ª ed. | ||
| 260 |
_aMadrid : _bCentro de Investigaciones Sociológicas : _bSiglo XXI, _c1987. |
||
| 300 |
_aX, 369 p. ; _c21 cm. |
||
| 490 | 1 |
_aMonografías ; _v87 |
|
| 500 | _aÍndice. | ||
| 504 | _aBibliografía: p. 345-350. | ||
| 610 | 2 | 7 |
_aConvergència Democràtica de Catalunya- _vHistoria. _93285 |
| 710 | 2 |
_aCentro de Investigaciones Sociológicas (España) _92708 |
|
| 830 | 0 | 0 |
_aMonografías (Centro de Estudios Benaventanos "Ledo del Pozo") _v87 _9177262 |
| 852 |
_aES-MaACL _jL-12435 |
||
| 999 |
_c5656 _d5656 |
||